| 000 | 01151cam a2200349 i 4500 | ||
|---|---|---|---|
| 001 | ocm04593064 | ||
| 003 | 0 | ||
| 005 | 20230123133636.0 | ||
| 008 | 781220s1980 nyua b 001 0 eng | ||
| 010 | _a78027797 | ||
| 020 | _a047103018X | ||
| 035 | _bH130 | ||
| 040 |
_aDLC _cNUST _dUBA _dOCLCQ |
||
| 049 | _aMAIN | ||
| 090 | _aTK6553 | ||
| 100 | 1 | _aKrauss, Herbert L. | |
| 245 | 1 | 0 |
_aSolid state radio engineering / _cHerbert L. Krauss and Charles W. Bostian, Frederick H. Raab. |
| 260 |
_aNew York : _bWiley, _cc1980. |
||
| 300 |
_axv, 534 p. : _bill. ; _c24 cm. |
||
| 504 | _aIncludes bibliographical references and index. | ||
| 650 | 0 | _aRadio circuits. | |
| 650 | 0 |
_aRadio _xReceivers and reception. |
|
| 650 | 0 |
_aRadio _xTransmitters and transmission. |
|
| 650 | 7 |
_aRadio _2larpcal |
|
| 650 | 7 |
_aTransmissores de radio e televisao _2larpcal |
|
| 700 | 1 |
_aBostian, Charles W., _ejoint author. |
|
| 700 | 1 |
_aRaab, Frederick H., _ejoint author. |
|
| 856 | 4 | 1 |
_3Table of Contents _uhttp://www.loc.gov/catdir/toc/onix02/78027797.html |
| 907 |
_a.b1007174x _b25-02-04 _c17-04-03 |
||
| 994 |
_a92 _bZNA |
||
| 942 |
_cBOOKS _kTK6553 |
||
| 999 |
_c152131 _d152131 |
||